Trnava, stará železničná stanica - architektonická štúdia revitalizácie areálu

Saved in:
Bibliographic Details
Main Author: Kluka, Marek (Author)
Other Authors: Kráľová, Eva (Thesis advisor)
Format: Manuscript Book
Language:Slovak
Published: Bratislava 2018
Subjects:
Online Access:http://is.stuba.sk/zp/portal_zp.pl?podrobnosti=139498
Tags: Add Tag
No Tags, Be the first to tag this record!

MARC

LEADER 00000ntm a22000003a 4500
001 stuzp68311
003 SK-STU
005 20201124103833.2
007 ta
008 150427s2015----xo-----f-mn---000-0-slo-d
040 |a STU  |b slo 
041 0 |a slo 
100 1 |a Kluka, Marek  |u 053130  |4 aut  |U FAD Fakulta architektúry  |T FA Ústav dejín a teórie architektúry a obnovy pamiatok  |X 58446  |U A3130  |Y 394  |7 58446 
242 0 1 |a Trnava, Old Railway Station - architectural study of the site revitalization  |y eng 
245 1 0 |a Trnava, stará železničná stanica - architektonická štúdia revitalizácie areálu 
260 |c 2018  |a Bratislava 
650 4 |a industriálne dedičstvo  |2 slo 
650 4 |a železnice  |2 slo 
650 4 |a Trnava  |2 slo 
650 4 |a autobusová stanica  |2 slo 
650 4 |a industrial heritage  |2 eng 
650 4 |a railways  |2 eng 
650 4 |a Trnava  |2 eng 
650 4 |a bus station  |2 eng 
700 1 |a Kráľová, Eva  |u 053130  |k Z1  |4 ths  |U FAD Fakulta architektúry  |T FA Ústav dejín a teórie architektúry a obnovy pamiatok  |X 391  |U A3130  |Y 394  |7 A000000391 
856 4 |u http://is.stuba.sk/zp/portal_zp.pl?podrobnosti=139498  |u https://opac.crzp.sk/?fn=detailBiblioForm&sid=752BE197E3AE405D4689F879404B